Library of the University of Algiers 3
Ibrahim Sultan Cheibout
شعار جامعة الجزائر 3
مكتبة جامعة الجزائر 3
إبراهيم سلطان شيبوط

النمو الاقتصادي : (رقم التسجيلة. 45031)

تفاصيل مارك
000 -LEADER
fixed length control field 00905nam a2200193Ia 4500
003 - CONTROL NUMBER IDENTIFIER
control field Ost
005 - DATE AND TIME OF LATEST TRANSACTION
control field 20260507075604.0
008 - FIXED-LENGTH DATA ELEMENTS--GENERAL INFORMATION
fixed length control field 260507s9999||||xx |||||||||||||| ||und||
040 ## - CATALOGING SOURCE
Transcribing agency fsecg
041 ## - LANGUAGE CODE
Language code of text/sound track or separate title ara
100 ## - MAIN ENTRY--PERSONAL NAME
Personal name خليفة، محمد ناجي حسن
Relator term مؤلف
245 #0 - TITLE STATEMENT
Title النمو الاقتصادي :
Remainder of title النظرية والمفهوم /
Statement of responsibility, etc. محمد ناجي حسن خليفة
260 ## - PUBLICATION, DISTRIBUTION, ETC.
Place of publication, distribution, etc. القاهرة:
Name of publisher, distributor, etc. دار القاهرة,
Date of publication, distribution, etc. 2001
300 ## - PHYSICAL DESCRIPTION
Extent 184 صفحة؛
Dimensions 24 سم
520 ## - SUMMARY, ETC.
Summary, etc. مفاهيم أساسية-الإنتاجية والنمو-النمو في الاجل الطويل-النمو الاقتصادي والبطالة-دورة النشاط الاقتصادي(دورة الاعمال)-السكان والموارد-النمو في الدول المتقدمة ومصر.
653 ## - INDEX TERM--UNCONTROLLED
Uncontrolled term البطالة
653 ## - INDEX TERM--UNCONTROLLED
Uncontrolled term التنمية الاقتصادية
942 ## - ADDED ENTRY ELEMENTS (KOHA)
Koha item type كتب
المقتنيات
Withdrawn status Lost status Source of classification or shelving scheme Damaged status Not for loan Home library Current library Date acquired Serial enumeration / chronology Inventory number Total checkouts Full call number Barcode Date last seen Price effective from Koha item type
    Dewey Decimal Classification   NOT LOAN / إعارة داخلية مكتبة كلية العلوم الإقتصادية والعلوم التجارية وعلوم التسيير مكتبة كلية العلوم الإقتصادية والعلوم التجارية وعلوم التسيير 07/05/2026 الطابق الأرضي 890/1   أ/890ن1 890/1 07/05/2026 07/05/2026 كتب

موارد الويب المفتوحة


© University of Algiers 3 All Rights Reserved
|
Implemented by LECHELAH Riad